000 00696nam a2200253Ia 4500
003 OSt
005 20250501115329.0
008 220927b |||||||| |||| 00| 0 eng d
020 _a9780080999531
037 _cTextual
040 _aSDCL
_cSDCL
_beng
041 _2eng
_aeng
084 _aE9G:3:87 Q7
100 _aStanbury, Peter F.
_9429488
245 0 _aPrinciples of fermentation technology
250 _a3rd
260 _aAmsterdam :
_bElsevier,
_c2017.
300 _av,446p.
650 _aMicrobiology
700 _aWhitaker, Allan
_9429489
700 _aHall, Stephen J.
942 _cTEXL
_2CC
_n0
999 _c745994
_d745994